| 000 | 00621cam a22002171a 4500 | ||
|---|---|---|---|
| 001 | sa 68019621 | ||
| 003 | DLC | ||
| 005 | 20260227112719.0 | ||
| 008 | 830414m19649999io 000 0 ind | ||
| 010 | _asa 68019621 | ||
| 035 | _a(OCoLC)9408575 | ||
| 040 |
_aDLC _cOAU _dOAU _dDLC |
||
| 042 | _apremarc | ||
| 043 | _aa-io--- | ||
| 050 | 0 | 0 | _aLAW <Indonesia 7 Poed 1967> |
| 100 | 1 |
_aPoedjosoebroto, Santoso, _cR. |
|
| 245 | 1 | 0 |
_aMasalah hukum sehari-hari / _coleh R. Santoso Poedjosoebroto. |
| 260 |
_aJogjakarta : _bHien Hoo Sing, _c[1964?]- |
||
| 300 |
_a v. ; _c22 cm. |
||
| 650 | 0 |
_aLaw _zIndonesia _xPopular works. |
|
| 999 |
_c88999 _d88999 |
||